000 00345 a2200169 4500
001 188556
020 _a978-85-7472-903-9
040 _cMagnum
100 _aIacocca, Michele
240 1 0 _aO encontro
_lpor
245 1 0 _aO encontro
300 _a23
362 0 _a2009
440 1 _aPositivo
697 _aLITERATURA INFANTIL
942 _cBK
999 _c188556
_d188556